00341 2200157 4500001002100000005001500021035002000036245003200056100001200088250000600100300001200106260003100118082000800149084001400157990001200171INLIS00000000000231920250528092825 a0010-05250006111 aGema Sebuah Hati /cMarga T0 aMarga T a1 a396 hlm aJakarta :bGramedia,c2002 a800 a800 MAR g a0712267